Cunningham's manual of practical anatomy. (رقم التسجيلة. 31744)

تفاصيل مارك
000 -الفاتح
حقل البيانات ثابتة الطول 01409cam a2200445 a 4500
001 - رقم الضبط
رقم الضبط 3930458
003 - محدد رقم الضبط
رقم الضبط OSt
005 - وقت وتاريخ اخر تعامل مع التسجيلة
رقم الضبط 20150408114148.0
008 - عناصر البيانات ثابتة الطول - معلومات عامة
حقل البيانات ثابتة الطول 860616s1986 enka 001 0 eng
010 ## - رقم ضبط مكتبة الكونجرس
رقم ضبط مكتبة الكونجرس 86016313 //r90
015 ## - رقم الببليوجرافية الوطنية
رقم الببليوجرافية الوطنية GB86-18804
020 ## - الرقم الدولى المعيارى للكتب
الرقم الدولى المعيارى للكتاب 0192631381 (v. 1 : pbk.) :
شروط الاتاحة $17.25 (est.)
020 ## - الرقم الدولى المعيارى للكتب
الرقم الدولى المعيارى للكتاب 019263139X (v.2) :
020 ## - الرقم الدولى المعيارى للكتب
الرقم الدولى المعيارى للكتاب 0192631403 (v.3) :
035 ## - رقم ضبط النظام
رقم ضبط النظام (OCoLC)ocm13820772
035 ## - رقم ضبط النظام
رقم ضبط النظام (NNC)3930458
040 ## - مصدر الفهرسة
وكالة الفهرسة الأصلية DNLM/DLC
وكالة النسخ DLC
وكالة التعديل NLM
-- UKM
-- MBU
-- ZCH
050 00 - رقم طلب مكتبة الكونجرس
رقم التصنيف QM23.2
رقم المادة .C915 1986
060 ## - رقم الطلب بالمكتبة الطبية الوطنية
رقم التصنيف QS 130 C973d
080 ## - رقم التصنيف العشرى العالمى
رقم التصنيف العشري العالمي 611
082 00 - رقم تصنيف ديوى العشرى
رقم التصنيف 611
رقم الطبعة 22
رقم المادة CDC
100 1# - المدخل الرئيسى - إسم شخصى
الإسم الشخصى Cunningham, D. J.
الشكل الأكمل للاسم (Daniel John),
التواريخ المصاحبة للاسم 1850-1909.
9 (RLIN) 39041
240 10 - العنوان الموحد
عنوان موحد <a href="Manual of practical anatomy">Manual of practical anatomy</a>
245 10 - بيان العنوان
العنوان Cunningham's manual of practical anatomy.
250 ## - بيان الطبعة
بيان الطبعة 15th ed. /
بقية بيان الطبعة G.J. Romanes.
260 ## - PUBLICATION, DISTRIBUTION, ETC. (IMPRINT)
مكان الناشر او الموزع Oxford ;
-- New York :
اسم الناشر او الموزع Oxford University Press,
تاريخ النشر أو التوزيع 1986.
300 ## - الوصف المادى
التعداد 3 v. :
تفاصيل ماديه اخرى للوعاء ill. (some col.) ;
أبعاد الوعاء 28 cm.
490 1# - بيان السلسلة
عنوان السلسلة Oxford medical publications
500 ## - تبصرة عامة
تبصرة عامة Includes indexes.
505 0# - تبصرة محتويات-الفهرس
تبصرة المحتويات المصاغة v. 1. Upper and lower limbs -- v. 2. Thorax and abdomen -- v. 3. Head and neck and brain.
650 #0 - المدخل الاضافى بالموضوع-مصطلح موضوعى
مصطلح موضوعي أو اسم جغرافي كعنصر مدخل Human anatomy.
650 #0 - المدخل الاضافى بالموضوع-مصطلح موضوعى
مصطلح موضوعي أو اسم جغرافي كعنصر مدخل Dissection.
650 #2 - المدخل الاضافى بالموضوع-مصطلح موضوعى
مصطلح موضوعي أو اسم جغرافي كعنصر مدخل Anatomy.
650 #2 - المدخل الاضافى بالموضوع-مصطلح موضوعى
مصطلح موضوعي أو اسم جغرافي كعنصر مدخل Dissection.
653 ## - مصطلح تكشيفى غير مقيد
مصطلح غير مقيد Man
-- Anatomy
700 1# - المدخل الاضافى - اسم شخصى
الإسم الشخصى Romanes, G. J.
الشكل الأكمل للاسم (George John),
التواريخ المصاحبة للاسم 1916-
9 (RLIN) 39042
830 #0 - المدخل الاضافى بالسلسلة -عنوان موحد
عنوان موحد Oxford medical publications.
9 (RLIN) 17607
942 ## - عناصر المدخل الإضافي( كوها)
مصدر التصنيف او مخطط الترفيف Dewey Decimal Classification
Koha [default] item type كتاب
المقتنيات
حالة الفقد نموذج السعر الفعال حالة تلف ليس للاعارة رقم الطلب تاريخ الاكتساب الموقع الحالي الباركود الفرع الرئيسي Date last seen نوع المادة فى نظام كوها مصدر التصنيف او خطة الترفيف Total Checkouts
  2013-11-02     611 CDC 2013-11-02 المكتبة المركزية بالمجمعة (CL) 00403909 المكتبة المركزية بالمجمعة (CL) 2013-11-02 كتاب Dewey Decimal Classification  
  2013-11-02     611 CDC 2013-11-02 المكتبة المركزية بالمجمعة (CL) 00403910 المكتبة المركزية بالمجمعة (CL) 2013-11-02 كتاب Dewey Decimal Classification  
  2013-11-02     611 CDC 2013-11-02 المكتبة المركزية بالمجمعة (CL) 00403911 المكتبة المركزية بالمجمعة (CL) 2013-11-02 كتاب Dewey Decimal Classification  
  2013-11-02     611 CDC 2013-11-02 مكتبة كلية العلوم الطبية التطبيقية بالمجمعة - طالبات (AMF) 00403912 مكتبة كلية العلوم الطبية التطبيقية بالمجمعة - طالبات (AMF) 2013-11-02 كتاب Dewey Decimal Classification  
  2013-11-02     611 CDC 2013-11-02 مكتبة كلية العلوم الطبية التطبيقية بالمجمعة - طالبات (AMF) 00403913 مكتبة كلية العلوم الطبية التطبيقية بالمجمعة - طالبات (AMF) 2013-11-02 كتاب Dewey Decimal Classification